Dầu mỏ trong tìm kiếm địa chất

Sparad:
Bibliografiska uppgifter
Huvudupphovsman: Nguyễn Đăng
Materialtyp: Bok
Språk:Undetermined
Publicerad: Hà Nội KHKT 1979
Ämnen:
Taggar: Lägg till en tagg
Inga taggar, Lägg till första taggen!
Thư viện lưu trữ: Trung tâm Học liệu Trường Đại học Cần Thơ
LEADER 00480nam a2200169Ia 4500
001 CTU_3411
008 210402s9999 xx 000 0 und d
082 |a 553.282 
082 |b Đ116 
100 |a Nguyễn Đăng 
245 0 |a Dầu mỏ trong tìm kiếm địa chất 
245 0 |c Nguyễn Đăng 
260 |a Hà Nội 
260 |b KHKT 
260 |c 1979 
650 |a geology, economic,petroleum 
980 |a Trung tâm Học liệu Trường Đại học Cần Thơ